000 00417nam a2200133Ia 4500
008 100328s9999 xx 000 0 und d
082 _b58034
100 _aटेणी नंदकुमार
245 _aशिवसेनाप्रमुख
260 _bअविष्कार.
630 _aशिवसेनाप्रमुख
730 _aशिवसेनाप्रमुख
942 _cBOOK
999 _c544409
_d544406